000 00749nam a22002537a 4500
008 130424b xxu||||| |||| 00| 0 eng d
020 _a8126101768
024 _cAvailable
037 _cAvailable
040 _aMBSTU Library
_dMBSTU Library
082 _222
_a345.303 GIE
100 _aShah, Giriraj
245 _aEncyclopedia of Crime Police and judicial System
260 _aNew Delhi
_bAnmol Publisher
_c2002
300 _a25 cm
_b452 Page
_f56
_g25 cm
521 _bMBSTU Library
600 _aCriminal Law - Encyclopedia
650 _2Criminal Law - Encyclopedia
700 _aShah, Giriraj
270 _aNew Delhi
_bNew Delhi
_dIndia
365 _b20400.00
_d20400.00
942 _2ddc
_cBK
999 _c233
_d233